00410nam a22001457a 4500008004100000020001800041050002000059100002000079245006000099250001200159260002700171300003200198500002000230600001400250201007b ||||| |||| 00| 0 eng d a9781437716764 aRB 25 .D26 2012 aDamjanov, ivan. aPathology for the health professions /cIvan, Damjanov. a4th ed. aUSA:bElsevier,c2012. axxi, 547p. :bill. ;c29 cm aIncludes index. 2Pathology